[Event "Asia Cities-ch 16th"]
[Site "Beirut"]
[Date "2009.04.20"]
[Round "6.2"]
[White "Albonni, Asaad"]
[Black "Najjar, Ahmad"]
[Result "1-0"]
[WhiteElo "2202"]
[BlackElo "2325"]
[PlyCount "54"]
[EventDate "2009.04.16"]
[EventType "team-swiss"]
[EventRounds "9"]
[EventCountry "LBN"]
[SourceTitle "EXT 2020"]
[Source "ChessBase"]
[SourceDate "2019.10.17"]
[SourceVersion "1"]
[SourceVersionDate "2019.10.17"]
[SourceQuality "1"]
[WhiteTeam "Damascus"]
[BlackTeam "Furn El Chebbak area"]
[WhiteTeamCountry "SYR"]
[BlackTeamCountry "LBN"]

1. e4 e5 2. Nf3 Nc6 3. d4 exd4 4. Nxd4 Qf6 5. Be3 Bc5 6. c3 Nge7 7. Qd2 a6 8. f4 d6 9. Be2 Qg6 10. Bd3 f5 11. exf5 Nxf5 12. g4 Qxg4 13. Rg1 Qh4+ 14. Bf2 Qe7+ 15. Kd1 0-0 16. Qc2 Bxd4 17. cxd4 Nb4 18. Qb3+ d5 19. Be2 Qd6 20. Nd2 Qxf4 21. Nf3 Qd6 22. Rc1 Nc6 23. Rc5 Nfxd4 24. Nxd4 Qxc5 25. Rxg7+ Kh8 26. Qg3 Nxd4 27. Rxc7 Qxc7 1-0

[Event "Asia Cities-ch 16th"]
[Site "Beirut"]
[Date "2009.04.19"]
[Round "5.2"]
[White "Albonni, Asaad"]
[Black "Navabi, Shirin"]
[Result "1-0"]
[WhiteElo "2202"]
[BlackElo "2092"]
[PlyCount "92"]
[EventDate "2009.04.16"]
[EventType "team-swiss"]
[EventRounds "9"]
[EventCountry "LBN"]
[SourceTitle "EXT 2020"]
[Source "ChessBase"]
[SourceDate "2019.10.17"]
[SourceVersion "1"]
[SourceVersionDate "2019.10.17"]
[SourceQuality "1"]
[WhiteTeam "Damascus"]
[BlackTeam "Bandar Imam Khomeini"]
[WhiteTeamCountry "SYR"]
[BlackTeamCountry "IRI"]

1. e4 e5 2. Nf3 Nf6 3. d4 Nxe4 4. Bd3 Nc6 5. 0-0 d5 6. Nxe5 Nxd4 7. Nc3 Nf6 8. Bg5 Be6 9. Re1 Be7 10. Bxh7 Rxh7 11. Qxd4 c6 12. Ng6 Bd6 13. Nf4 c5 14. Qd3 Bxf4 15. Bxf4 a6 16. Be5 Rh4 17. f4 d4 18. Rad1 Kf8 19. f5 Bd5 20. Bxf6 gxf6 21. Ne4 Qc7 22. Ng3 Qc6 23. Rd2 Rd8 24. b3 b5 25. Qe2 Re8 26. Qxe8+ Qxe8 27. Rxe8+ Kxe8 28. c3 Ke7 29. cxd4 cxd4 30. Ne2 Kd6 31. g3 Re4 32. Nxd4 Kc5 33. Nc2 Re5 34. g4 a5 35. Kf2 Re4 36. Kg3 b4 37. h4 a4 38. bxa4 Re8 39. Nxb4 Re3+ 40. Kf2 Rf3+ 41. Ke2 Kxb4 42. Rxd5 Rf4 43. Rd6 Rxg4 44. Rxf6 Rg7 45. h5 Kxa4 46. h6 Rh7 1-0

[Event "Asia Cities-ch 15th"]
[Site "Tehran"]
[Date "2007.03.05"]
[Round "6.2"]
[White "Dimakiling, Oliver"]
[Black "Albonni, Asaad"]
[Result "1-0"]
[WhiteElo "2481"]
[BlackElo "2136"]
[PlyCount "57"]
[EventDate "2007.03.02"]
[EventType "team-swiss"]
[EventRounds "9"]
[EventCountry "IRI"]
[SourceTitle "EXT 2020"]
[Source "ChessBase"]
[SourceDate "2019.10.17"]
[SourceVersion "1"]
[SourceVersionDate "2019.10.17"]
[SourceQuality "1"]
[WhiteTeam "Tagaytay"]
[BlackTeam "Damascus"]
[WhiteTeamCountry "PHI"]
[BlackTeamCountry "SYR"]

1. d4 Nf6 2. Nf3 e6 3. Bg5 d5 4. c4 c6 5. Nc3 Nbd7 6. e3 Qa5 7. Nd2 Bb4 8. Bxf6 Nxf6 9. Qc2 0-0 10. Bd3 dxc4 11. Nxc4 Qc7 12. 0-0 Bxc3 13. bxc3 c5 14. Ne5 b6 15. f4 Bb7 16. f5 exf5 17. Rxf5 Nd5 18. Rf3 Nf6 19. Rh3 g6 20. Rf1 Ne8 21. Qf2 Qe7 22. Qf4 Bc8 23. g4 f5 24. Qh6 Rf6 25. g5 Rd6 26. Bc4+ Be6 27. Nxg6 Qf7 28. Rxf5 Bxf5 29. Qxh7# 1-0